Quizzes
Events
Quiz Creation
Community
Videos
Private Events
Remove Ads
Sign In
Join for FREE
Feedback
Dark Mode
Quiz Categories
Sports
Geography
Music
Movies
Television
Just For Fun
Miscellaneous
History
Literature
Language
Science
Gaming
Entertainment
Religion
Holiday
For Kids
Quiz Lab
Recent
Popular Today
Quiz Kudos Today
Editor Picks
Curator Picks
Quizzes by...
Day
Popularity
Type
Ratings
Length
Year
Community
Subscriptions
Recent Discussions
Orange Saloon
Badges
Playlists
Quests
Create
Leaderboards
Showdown
Live 5
Trivia Bingo
Activity
Puzzle Library
Sporcle Events
Private Events
Virtual Trivia
Globe League
Become a Host
Pub Owners
SporcleCon
Opinionation
Our Games
Videos
Blog
Mobile Apps
Partnerships
Remove Ads and Go Orange
Feedback
Sports
Athletes
MLB
NBA
NHL
NFL
Soccer
Sports Teams
WWE
NCAA
Football
Premier League
Basketball
Baseball
Hockey
Golf
Tennis
Cricket
Rugby
Auto Racing
Olympics
World Cup
Sports
Athletes
MLB
NBA
NHL
NFL
Soccer
Sports Teams
WWE
NCAA
Football
Premier League
Basketball
Baseball
Hockey
Golf
Tennis
Cricket
Rugby
Auto Racing
Olympics
World Cup
Random Quiz
Search Sporcle
×
Quiz Lab
Quiz Lab
Sports
NCAA
Type in answers that appear in a list
Type in answers that appear in a list
Classic
Best Score? Go Orange.
NCAA Tournament Wins as #4 Seed Since 1985 Stats
Can you name the Teams Who Have NCAA Tournament Wins as #4 Seed Since 1985?
By
tsten
10m
63 Questions
138 Plays
138 Plays
138 Plays
Comments
Comments
Give Quiz Kudos
Give Quiz Kudos
-
- Ratings
hide this ad
More Info
Replay
Link that replays current quiz
Next Quiz
Link to next quiz in quiz playlist
You Got
0%
They Got
Avg Score
76%
Avg Friend Score
Upgrade to see
Score Distribution
Jump to the score distribution portion of the page
Score
0/63
Timer
10:00
0
Plays Today
Wins
Team
% Correct
5
Michigan
100%
2
Duke
100%
5
Michigan State
98.6%
2
Iowa State
98%
8
Kansas
97.8%
7
Kentucky
97.8%
2
Texas
97.8%
2
North Carolina
97.1%
4
Florida
97.1%
1
Auburn
97%
7
UCLA
96.4%
6
Arizona
95.7%
13
Syracuse
94.9%
3
Indiana
94.9%
6
Maryland
94.9%
1
Oklahoma
94.9%
5
Wisconsin
94.9%
1
Washington
94.9%
19
Louisville
94.2%
6
Oklahoma State
94.2%
2
Georgetown
93.5%
7
Illinois
93.5%
4
Virginia
93.5%
10
Arkansas
92.8%
6
LSU
92.8%
4
Purdue
92%
2
Alabama
92%
6
Ohio State
91.3%
2
Iowa
91.3%
5
Tennessee
91.3%
4
Florida State
90.6%
5
Utah
90.6%
Wins
Team
% Correct
2
Washington State
89.9%
2
Clemson
89.9%
5
Cincinnati
89.1%
1
Pittsburgh
89.1%
4
Gonzaga
89.1%
7
UNLV
88.4%
4
Georgia Tech
88.4%
2
San Diego State
87.7%
3
Kansas State
87.7%
2
Xavier
87.7%
2
Virginia Tech
87.5%
1
Stanford
87%
2
Butler
86.5%
3
Boston College
86.2%
1
Villanova
84.8%
3
St. John's
84.1%
1
Marquette
84.1%
2
Wake Forest
84.1%
1
Temple
83.3%
2
Seton Hall
81.9%
6
Connecticut
81.8%
2
West Virginia
81.1%
1
St. Louis
77.9%
2
St. Joseph's
76.8%
1
BYU
76.8%
1
New Mexico
75.4%
2
Providence
71.4%
1
TCU
69.6%
2
Southern Illinois
60.9%
1
La Salle
58%
2
Loyola Chicago
55.1%
Quiz Playlist
Details
Report
Send in Message
Add To Playlist
More Info:
Updated through the 2023 Tournament
Classic:
Type in answers that appear in a list
Quiz Source
Last Updated: Apr 24, 2023
Quiz Scoreboard
CHALLENGE
Sign Up to Join the Scoreboard
Show All
Scores
Hide
Comments
May contain spoilers
Recently Published
9x9 Crossword: Cartoon Network
by jackfrog10
Miscellaneous
3m
College Basketball Coaching Resumes
by pancakes188
Sports
9m
Billboard Blitz: Fleetwood Mac
by CooCooCachoo
Music
15s
More to Explore
Quiz From the Vault
Featured Blog Post
Where Did the Easter Bunny Come From?
hide this ad
You Might Also Like...
Tags
NCAA Quiz
1985
appearance
last
March Madness
NCAA Tournament
Seed
team
Tournament
Win
Today's Top Quizzes in Sports
Browse Sports
hide this ad
Today's Top Quizzes in NCAA
Browse NCAA
Top Contributed Quizzes in Sports
1
2022 World Cup Stars
2
Les meilleurs buteurs des matchs entre le PSG et l’OM
3
FIFA Club World Cup Champions
4
Les entraîneurs de l'OM et du PSG au 21e siècle
5
Criteria MLB: Left Handed Sluggers
6
AFC Teams Reveal (Wrong Answers Minefield)
7
2023 MLB Unique Player Accomplishments
8
Players with Multiple 50 Home Run Seasons
9
5-to-1: FBS Animal Nicknames
10
5-to-1: UK Sports Teams
Explore More
Trending Topics
Kpop
Harry Potter
Disney
Marvel
Crossword
NBA
Anime
Pokémon
The Office
Country
Soccer
Puzzle
WWE
NFL
Song
hide this ad
More By:
tsten
Quiz
Plays
Rating
Category
Featured
Created
Every #1 Team in NCAA Basketball History
759
5.00
Sports
Mar 4, 2013
NCAA Tournament wins since 1985
585
4.20
Sports
Jul 26, 2012
LeBron James' NBA Finals Teammates
555
5.00
Sports
Jun 13, 2013
NBA Missed Free Throws
459
4.80
Sports
Apr 26, 2013
NBA Players with 21+ Assists
442
4.60
Sports
Jan 12, 2013
Go to Creator's Profile
Score Distribution
Quiz Creator Spotlight
tsten
Follow
Send a Message
Quizzes Created
-
Created Quiz Play Count
-
More By This Creator
Popular Quizzes Today
1
Find the US States - No Outlines Minefield
2
Find the Countries of Europe - No Outlines Minefield
3
The Countries of the World
4
Find the US States
5
Risky Map Clicking: Biggest States A-Z
6
US States
7
Popular People in 1961
8
Movies - When Are They Set?
More Sports Quizzes
NBA Single Game Franchise Records
Published
Trending Quizzes
Risky Map Clicking: Least Populous States A-Z
1-10 Letter G Words
1-10 Letter F Words
Risky Map Clicking: Next State Alphabetically
Adjectives in 80s TV Shows
Recently Updated
Leaping Animals
pecheneg
Reality TV Shows (A-Z)
bhenderson79
Rickey Henderson's Hall of Fame Teammates
pecheneg
Champions League XIs: Arsenal
pecheneg
Quick Pick: Celebrities in WWE's Hall of Fame
aduchscher
A-Z Keypad Blitz II
pecheneg
Multiple Oscar Actors
pecheneg
Mystery Phrase Blitz: Oscar 'Best Actors'
pecheneg
F. Scott Fitzgerald Novels
LTH
Pick 3 Villains
ddd62291
Trending Topics
Harry Potter
Kpop
Disney
Anime
NBA
Marvel
Crossword
Country
NFL
Soccer
Song
Pokémon
WWE
Puzzle
The Office
Your Account Isn't Verified!
In order to create a playlist on Sporcle, you need to verify the email address you used during registration. Go to your
Sporcle Settings
to finish the process.
Report this User
Report this user for behavior that violates our
Community Guidelines
.
Details:
Send Report
Go to the Sporcle.com Mobile Site →
Comments